Générique des Winx (saison 6) - Statistiques

Statistiques générales
  • Ce quiz a été pris 65 fois
  • Le résultat moyen est 52 sur 74
Statistiques - réponses
Réponse % Correct
le
95%
le
95%
Et
93%
Et
93%
à
90%
de
90%
de
90%
nous
90%
nous
90%
nous
90%
nous
90%
Nous
90%
Nous
90%
Nous
90%
Winx
88%
Winx
88%
Winx
88%
ailes
85%
ciel
85%
dans
85%
On
85%
on
85%
s'élance
85%
les
83%
les
83%
les
83%
nos
83%
nos
83%
Chacune
80%
sommes
80%
est
80%
la
80%
qui
80%
sommes
80%
sommes
80%
sommes
80%
arrêtera
73%
chanson
73%
Écoute
73%
ne
73%
notre
73%
Rien
73%
là-bas
70%
l'étoile
70%
Oui
68%
Émotions
65%
loin
65%
magie
65%
musique
65%
pouvoirs
65%
sourire
65%
étincellent
63%
Tu
63%
nuits
60%
transporte
60%
tes
58%
tous
58%
s'envole
55%
peux
53%
Vrai
53%
croire
48%
Magic
48%
Magic
48%
Magic
48%
toujours
45%
Pour
43%
resplendira
40%
Ta
35%
force
33%
rêve
33%
luit
30%
Ton
30%
survivra
25%
Esemble
8%
Aucun quiz correspondant
Distribution des résultats
% des personnes avec chaque résultat
Percentile par nombre de réponses
Votre historique - résultats
Vous n’avez pas pris ce quiz